000 00894cab a2200349 4500
001 ABS50832
008 090401t1994 xxu||||| |||| 00| 0 eng d
035 _a(Sirsi) u65391
041 _aeng
245 _aEstates Times Survey : Greater Manchester
260 _c1994
350 _a0
490 _aEstates Times
_v(1238) 10 June 1994, 11-30(20)
650 _aBOLTON
650 _aCENTRAL MANCHESTER UDC
650 _aGREATER MANCHESTER
650 _aINDUSTRIAL
650 _aINVESTMENT
650 _aLEISURE
650 _aMANCHESTER AIRPORT
650 _aOFFICES
650 _aRENTS
650 _aRESIDENTIAL
650 _aRETAIL WAREHOUSING
650 _aRETAIL
650 _aSPECULATIVE DEVELOPMENT
650 _aSTOCKPORT
650 _aTRAFFORD PARK
690 _aPROPERTY-COMMERCIAL PROPERTY-COMMERCIAL PROPERTY MARKET
942 _n0
948 _c04/03/1997
999 _c40773
_d40773